Geoinformační přístup správy prostorových dat o veřejné hromadné dopravě na úrovni kraje : autoreferát disertační práce = Geoinformatics approach of regional public transport spatial data management : Ph.D. thesis summary /

Hlavní autor: Zajíčková, Lenka, 1988-
Korporativní autor: Univerzita Palackého. Katedra geoinformatiky
Jazyk: Čeština
Vydáno: Olomouc : Univerzita Palackého v Olomouci, 2017
Vydání: 1. vydání
Edice: Geoinfo-carto thesis
Témata:
Fyzický popis: 55 stran : barevné ilustrace, mapy ; 21 cm
Language note: České a anglická resumé
Knihy
Uloženo v:
LEADER 02879nam a2200673 i 4500
001 nkc20172900091
003 CZ PrNK
005 20170710142333.0
007 ta
008 170531s2017 xr ab f m 000 0 cze
015 |a cnb002900091 
020 |a 978-80-244-5160-2  |q (brožováno) :  |c neprodejné 
035 |a (OCoLC)993644593 
040 |a BOA001  |b cze  |d ABA001  |e rda 
041 0 |a cze  |b cze  |b eng 
072 7 |a 004.9  |x Speciální počítačové metody. Počítačová grafika  |2 Konspekt  |9 23 
080 |a 656.022  |2 MRF 
080 |a 656.025.2  |2 MRF 
080 |a 004.9:91  |2 MRF 
080 |a 004.6-023.5  |2 MRF 
080 |a 004.652  |2 MRF 
080 |a (043.3)  |2 MRF 
080 |a (048.3)  |2 MRF 
100 1 |a Zajíčková, Lenka,  |d 1988-  |7 jo2017955973  |4 dis 
245 1 0 |a Geoinformační přístup správy prostorových dat o veřejné hromadné dopravě na úrovni kraje :  |b autoreferát disertační práce = Geoinformatics approach of regional public transport spatial data management : Ph.D. thesis summary /  |c Lenka Zajíčková 
246 3 1 |a Geoinformatics approach of regional public transport spatial data management 
250 |a 1. vydání 
264 1 |a Olomouc :  |b Univerzita Palackého v Olomouci,  |c 2017 
300 |a 55 stran :  |b barevné ilustrace, mapy ;  |c 21 cm 
336 |a text  |b txt  |2 rdacontent 
337 |a bez média  |b n  |2 rdamedia 
338 |a svazek  |b nc  |2 rdacarrier 
490 1 |a Geoinfo-carto thesis,  |x 1805-7500 ;  |v svazek XIII. 
500 |a Autoreferát disertace (Ph.D.)--Univerzita Palackého v Olomouci, Přírodovědecká fakulta, katedra geoinformatiky, 2017 
500 |a Studijní program: P1314 Geografie, obor studia: 1302V011 Geoinformatika a kartografie 
504 |a Obsahuje bibliografie 
521 8 |a Určeno pro studenty, partnerská akademická pracoviště a veřejnost 
546 |a České a anglická resumé 
650 0 7 |a integrované dopravní systémy  |7 ph335387  |2 czenas 
650 0 7 |a veřejná doprava  |7 ph198717  |2 czenas 
650 0 7 |a geografické informační systémy  |7 ph114617  |2 czenas 
650 0 7 |a prostorová data  |7 ph358650  |2 czenas 
650 0 7 |a datové modely  |7 ph135711  |2 czenas 
650 0 9 |a integrated transport systems  |2 eczenas 
650 0 9 |a public transport  |2 eczenas 
650 0 9 |a geographical information systems  |2 eczenas 
650 0 9 |a spatial data  |2 eczenas 
650 0 9 |a data models  |2 eczenas 
655 7 |a disertace  |7 fd132024  |2 czenas 
655 7 |a autoreferáty  |7 fd131857  |2 czenas 
655 9 |a dissertations  |2 eczenas 
655 9 |a autoabstracts  |2 eczenas 
710 2 |a Univerzita Palackého.  |b Katedra geoinformatiky  |7 kn20061121007  |4 isb 
830 0 |a Geoinfo-carto thesis  |0 s 
910 2 |a BOA001  |b 2-1390.395 
990 |a BK 
995 |a 01 
991 |b 201706  |c NOV 
996 6 |b 2610710063  |c 2-1390.395  |l MZK  |r Sklad / do 1 hodiny  |n 0  |p p.v.  |w 001615228  |u 000010  |a 1  |e BOA001  |j MZK50  |s P